| 000 | 00000nam##2200000za#4500 |
| 001 | 9.700499 |
| 003 | CaOODSP |
| 005 | 20250319164520 |
| 007 | cr ||||||||||| |
| 008 | 150407|2001||||xxc|||||o f|0| 0 eng|d |
| 040 | |aCaOODSP|beng |
| 043 | |an-cn--- |
| 086 | 1 |aH39-591/2001E-PDF |
| 110 | 1 |aCanada.|bHealth Canada. |bPopulation and Public Health Branch. |
| 245 | 12|aA best practices guide for the prevention of falls among seniors living in the community / |h[electronic resource]|cprepared by Victoria J. Scott et al. |
| 260 | |aOttawa - Ontario : |bHealth Canada. |cc2001. |
| 300 | |a78p.|breferences, tables |
| 590 | |a15-05-Supp|b2015-03-31 |
| 690 | 07|aPrevention|2gcpds |
| 690 | 07|aInjuries|2gcpds |
| 690 | 07|aSeniors|2gcpds |
| 775 | 08|tGuide des meilleures pratiques pour la prévention des chutes chez les aînés vivant dans la communauté / |w(CaOODSP)9.644383 |
| 776 | 0#|tA best practices guide for the prevention of falls among seniors living in the community / |w(CaOODSP)9.648285 |
| 856 | 40|ahttp://publications.gc.ca|qPDF|s338 KB|uhttps://publications.gc.ca/collections/collection_2015/sc-hc/H39-591-2001-eng.pdf |